000 00561nam a2200169 i 4500
001 112144
003 ES-MaACL
005 20230906185444.0
007 t|
008 061121s1912 sp r ||||1| spa d
100 1 _aNicolau y Sabater, José.
_985589
245 1 0 _aRiegos del Alto Aragón
_b: (Sobrarbe, Somontano, Monegros) /
_cAutores: José Nicolau Sabater y Félix de los Ríos Martín.
260 _aHuesca :
_b[s. n.],
_c1912.
650 4 _aRiego-
_zAragón.
_9155579
700 1 _aRíos Martín, Félix de los.
_997387
852 _aES-MaACL
_jT-1248-F-10
999 _c112144
_d112144